| 000 | 00852nam a2200289 a 4500 | ||
|---|---|---|---|
| 999 |
_c7256 _d7256 |
||
| 001 | 7256 | ||
| 003 | BD-JhCC | ||
| 005 | 20180206192634.0 | ||
| 008 | 860101s1967 enka j 000 1 eng d | ||
| 035 | _a(BD-JhCC)7256 | ||
| 040 |
_aMUS _cMUS _dOCL _dUKM _dEQO _dBD-JhCC |
||
| 041 | _aeng | ||
| 082 |
_a823.91 _218 |
||
| 100 | 1 |
_aPertwee, Roland, _d1885-1963. |
|
| 245 | 1 | 4 |
_aThe islanders / _cRoland Pertwee; illustrated by Ernest H. Shepard |
| 260 |
_aLondon : _bOxford University Press, _c1967. |
||
| 300 |
_a269 p. : _bill. ; _c20 cm |
||
| 490 | 1 | _aOxford Children's Library | |
| 500 | _aDust jacket | ||
| 500 | _aFirst published in 1950 | ||
| 650 | _aAdventure stories | ||
| 651 |
_aEngland _xDevon |
||
| 700 | 1 |
_aShepard, Ernest H. _q(Ernest Howard), _d1879-1976. |
|
| 830 | 0 | _aOxford Children's Library | |
| 942 |
_2ddc _cBK |
||